000 00511nam a2200169 i 4500
001 74747
003 ES-MaACL
005 20250627063637.0
007 t|
008 040920s1960 sp ||||1| spa d
100 1 _aGonzález Ruiz, Nicolás,
_d1897-1967
_958946
245 1 4 _aLos hermanos enemigos
_b: Mao-Tse, Jruschef /
_cpor Nicolás González Ruiz.
260 _aBarcelona :
_bCervantes,
_c1960.
300 _a152 p. ;
_c19 cm.
852 _aES-MaACL
_jC-20175
_bR.48132
999 _c74747
_d74747